| 000 | 00454nam a2200169Ia 4500 | ||
|---|---|---|---|
| 008 | 190912s9999 xx 000 0 und d | ||
| 100 | _aZurbano, Joel E. | ||
| 245 | _aProbe on passengers' bill of rights compliance set/ | ||
| 245 | _cJoel E. Zurbano | ||
| 260 | _bManila Standard | ||
| 260 | _c2017 | ||
| 300 | _aJuly 24 | ||
| 440 | _aManila Standard | ||
| 650 | _aBill of rights | ||
| 650 | _aLaw -- Philippines | ||
| 650 | _aLaw and legislation | ||
| 999 |
_c362116 _d362116 |
||